000
00311nam a22001337a 4500
008
181030b xxu||||| |||| 00| 0 eng d
020
_a
9780877794790
041
_a
eng
080
_a
038
100
_a
23
101
_a
FJA
245
_a
Merriam Webster's Intermediate Dictionary
_c
Webster,M
942
_2
udc
_c
BK
999
_c
51069
_d
51069